000 00576nam a2200241 a 4500
001 nice12345678
003 IN_TiNIC
005 20260116011529.0
008 050524s1961 lona grp 000 0 eng
020 _a
_c100
082 0 0 _a297.4
_bLIN
100 _aLings, Martin
245 _aMoslem Saint of the Twentieth Century
260 _aLondon
_bAllen and Unwin
_c1961
300 _a222p
500 _aincludes index and biblioraphy
505 2 _aIndex
650 _aSufism-Al-Alawi
700 1 _aLings, Martin
902 _bSRS
942 _cBK
999 _c2363
_d2363